000 00433nam a2200193Ia 4500
003 OSt
005 20251118150937.0
008 250729s1900 xx 000 0 und d
020 _a978-0470620021
040 _cAL
041 _aeng
082 _a158.1 PERC
100 _aPerry S
_9224500
245 _aChart your way to success
260 _aAllahabad
300 _a110p
650 _aPsychology
_9224501
942 _2ddc
_cBED
999 _c236441
_d236441